European Capitals by Hints - Statistics

General Stats
  • This quiz has been taken 25 times
  • The average score is 26 of 44
Answer Stats
Hint Answer % Correct
Brandenburg Tör, Techno, The Wall Berlin
100%
Big Ben, Thames, Buckingham London
100%
Bolshoi Theatre, Kremlin, Red Square Moscow
100%
Eiffel Tower, Notre-Dame, Seine Paris
100%
Forum, Colosseum, Trevi Fountain Rome
100%
Red Light, Rijksmuseum, Water Canals Amsterdam
96%
Olympieion, Filopappos Hill, Acropolis Athens
96%
Amalienborg, Nyhavn, The Little Mermaid Copenhagen
91%
Gran Via, Prado, Santiago Bernabéu Madrid
91%
Atomium, Manneken-Pis, Grand-Place Brussels
83%
Glasnevin, Trinity College, Kilmainham Gaol Dublin
83%
Monte Carlo, Gran-Prix, Jardin Exotique Monaco
83%
Schönbrunn, Hofburg, State Opera Vienna
83%
Charles Bridge, Vyšehrad, Golem Prague
78%
Apostle Palace, Sistine Chapel, The Pope Vatican City
78%
Casa de la Vall, Pyrenees, Sky Andorra la Vella
70%
Suommenlinna, Seurasaari, Sibelius Helsinki
70%
Bašcaršija, Latin Bridge, Franz Ferdinand Sarajevo
70%
Gamla Stan, Vasa Museum, Drottningholm Stockholm
70%
Viru Gate, Toompea, Gulf of Finland Tallinn
70%
Frederic Chopin, Barbakan, PKiN Warsaw
70%
Belém Tower, Rua Augusta, Trams Lisbon
61%
European Union, Alzette, Grand Duke Luxembourg City
61%
Széchenyi Bath, Parliament House, Andrássy Budapest
57%
Vodno, Vardar, (no) Alexander the Great Skopje
57%
Prešernov Trg, Šentjakobski Bridge, Ljubljanica Ljubljana
52%
Alting, Hallgrimskirkja, Sun Voyager Reykjavik
52%
Innere Stadt, Käfigturm, Bundeshaus Bern
48%
Skanderberg, Mother Theresa, Bunkers Tirana
48%
Spiš Castle, Grassalkovich Palace, Danube Bratislava
43%
Khreshchatyk, Lavra, St. Sophia Cathedral Kiev
43%
Monte Titano, Guaita, Palazzo Publico San Marino
43%
House of the Blackheads, Daugava, Jugendstil Riga
39%
Gediminas Tower, Aušros Vartai, Užupis Vilnius
30%
Little Paris, Athenaeum, Palace of the Parliament Bucharest
26%
Ștefan cel Mare, Ciuflea, Valea Morilor Chisinau
26%
Akershus, Vigeland Park, Akerselva Oslo
26%
Boyana Church, Ivan Vazov, Vitosha Sofia
26%
Red House, Rhine, Prince Vaduz
26%
St. Sava Cathedral, Zemun, Kalemegdan Belgrade
22%
Petrovic Castle, Millenium Bridge, Titograd Podgorica
22%
Casa Rocca Piccola, St. Elmo, Grand Master Palace Valletta
22%
Sava, Agram, St. Mark Cathedral Zagreb
22%
Trinity Hill, Library, Francysk Skarina Minsk
17%
No matching quizzes found
Score Distribution
Percent of People with Each Score
Percentile by Number Answered
Your Score History
You have not taken this quiz